Gia giáo Trung Quốc cổ
Enregistré dans:
| Auteur principal: | |
|---|---|
| Format: | Livre |
| Langue: | Undetermined |
| Publié: |
Tp. HCM
Trẻ
2001
|
| Sujets: | |
| Tags: |
Ajouter un tag
Pas de tags, Soyez le premier à ajouter un tag!
|
| Thư viện lưu trữ: | Trung tâm Học liệu Trường Đại học Cần Thơ |
|---|
| LEADER | 00524nam a2200193Ia 4500 | ||
|---|---|---|---|
| 001 | CTU_42634 | ||
| 008 | 210402s9999 xx 000 0 und d | ||
| 020 | |b 24.500đ | ||
| 082 | |a 390.0951 | ||
| 082 | |b D121 | ||
| 100 | |a Diêm ái Dân | ||
| 245 | 0 | |a Gia giáo Trung Quốc cổ | |
| 245 | 0 | |c Diêm ái Dân | |
| 260 | |a Tp. HCM | ||
| 260 | |b Trẻ | ||
| 260 | |c 2001 | ||
| 650 | |a ethics,family - folklore,home education | ||
| 904 | |i Minh, 010729 | ||
| 980 | |a Trung tâm Học liệu Trường Đại học Cần Thơ | ||